000 01074nam a22003137a 4500
001 8068
003 FISKH
005 20250820124042.0
008 250820b cb ||||| |||| 00| 0 eng d
020 _a0717298523
040 _aFISKH
_beng
_cFISKH
_dFISKH
050 _aPN6231.A5 L43
082 _a818.602
100 _aLeber, Nancy
245 _aAnts to zebras :
_bSilly animal jokes and riddles /
_cby Nancy Lebber : Illustrated by Tony Griego
250 _aFirst Scholastic printing, January 2006
260 _aNew York :
_bScholastic ,
_c2006.
300 _a24 pages :
_bcolor illustrations ;
_c23 cm .
490 _aScholastic At-Home Phonics Reading Program
_v53
505 _aJ
520 _aPhonics reader; sounds & letters (long o and u with final e); sight words (elephant, kangaroo, which, zebra
521 8 _a500
_bLexile estimate
521 8 _aJ
_bRaz-Plus
650 _aAnimals
_vChildren's literature
650 _aPhonics
_vChildren's literature
700 _aGriego, Tony
_eIllustator
942 _2ddc
_cBK
_n0
999 _c8068
_d8068